Supporting Continuity in Teaching French from Secondary School to the University Degree
Dôležitosť kontinuity vo francúzskom vzdelávaní medzi strednou školou a univerzitou v kontexte slovenského vzdelávania.
Salvato in:
| Autore principale: | |
|---|---|
| Natura: | Capitolo di libro |
| Lingua: | francese |
| Soggetti: | |
| Tags: |
Nessun Tag, puoi essere il primo ad aggiungerne!!
|
MARC
| LEADER | 00000naa a2200000 4500 | ||
|---|---|---|---|
| 001 | 0240960 | ||
| 005 | 20240502073925.0 | ||
| 041 | 0 | |a fre | |
| 044 | |a SK | ||
| 245 | 1 | 0 | |a Supporting Continuity in Teaching French from Secondary School to the University Degree |c Iveta Rizeková |
| 520 | |a Dôležitosť kontinuity vo francúzskom vzdelávaní medzi strednou školou a univerzitou v kontexte slovenského vzdelávania. | ||
| 610 | 2 | 0 | |a francúzština |
| 610 | 2 | 0 | |a jazyky cudzie |
| 610 | 2 | 0 | |a školy stredné |
| 610 | 2 | 0 | |a kompetencie |
| 610 | 2 | 0 | |a univerzity |
| 100 | 1 | |a Rizeková, Iveta, 1961- | |